00849 2200301 4500001002100000005001700021008004100038020002200079035002400101040001200125082001900137084002300156100002100179245008600200250001100286260002800297300003100325440002000356650002800376700002200404700002100426850001200447990001800459990001800477990001800495990001700513990001700530INLIS00000000000630120160908143339.0  a978-602-252-239-3 0010-061500000000422 aYOPDYOG 223a808.899282 aK 808.899282 Ani V aANIES Listyowati aVito cacinganc/ Anies Listyowati; Editor, Widya Ayu Ningrum dan Windrati Hapsari aCet. 1 aJakartabErlanggac2014 a24 hlm.b: Ilus.c; 22 cm. aSeri Anak Sehat aAnak -- Buku dan bacaan aWIDYA Ayu Ningrum aWINDRATI Hapsari aYOPDYOG a17144-PD/B.15 a17145-PD/B.15 a17146-PD/B.15 a3817-KS/B.15 a3818-KS/B.15